|
|
|
|
| LEADER |
00000cam a2200000 7i4500 |
| 001 |
0000002449 |
| 005 |
20030623.0 |
| 020 |
0 |
0 |
|a 8190144618
|
| 090 |
0 |
0 |
|a 634.92
|b ARO 2002
|
| 100 |
1 |
0 |
|a ARORA
|h Hema
|
| 245 |
1 |
0 |
|a Potential for commercial production from forests under joint forest management
|c Hema Arora, Anjali M. Bhatia, Snigdha Chakraborty
|
| 260 |
0 |
0 |
|a New Delhi; London :
|b Ecotech Services; International Institute for Environment and Development ,
|c 2002
|
| 300 |
|
|
|a xviii, 80 p. :
|b col. ill. ;
|c 22 cm.
|
| 440 |
0 |
0 |
|a Instruments for sustainable privare sector forestry; no. 2
|
| 500 |
0 |
0 |
|a Bibliography : p. 78-80
|
| 650 |
0 |
0 |
|a Forest management
|
| 700 |
0 |
1 |
|a Bhatia
|h Anjali M.
|
| 700 |
0 |
1 |
|a Chakraborty
|h Snigdha
|
| 998 |
|
|
|a JPSM
|
| 999 |
|
|
|a 0000004328
|b Monograph
|c Open Shelf
|e Default branch
|